Sports Quiz

Random Sports or MLB Quiz

MLB Top of the Order (2000s) Quiz Stats

 Plays Quiz Updated Nov 26, 2018

Challenge
Share
Tweet
Embed
Score 0/120 Timer 12:00
1 Play Today
Spot Player % Correct
YankeesDerek Jeter
87.1%
RangersAlex Rodriguez
85%
YankeesAlex Rodriguez
85%
BravesChipper Jones
84.8%
Red SoxManny Ramirez
84.3%
BravesAndruw Jones
84.3%
CubsAramis Ramirez
83.9%
CardinalsAlbert Pujols
83.5%
PhilliesRyan Howard
78.6%
Red SoxDavid Ortiz
77.6%
BrewersPrince Fielder
76.3%
GiantsBarry Bonds
74.6%
PhilliesJimmy Rollins
74.5%
MarinersIchiro Suzuki
73.3%
D-BacksLuis Gonzalez
73.2%
AstrosCraig Biggio
72.9%
TwinsJoe Mauer
70.5%
BrewersRyan Braun
68.3%
AstrosCarlos Lee
68.3%
CubsDerrek Lee
68.2%
MarlinsMiguel Cabrera
67.5%
MetsJose Reyes
67.3%
RockiesTodd Helton
66.8%
AstrosLance Berkman
65.9%
TwinsJustin Morneau
62.7%
CubsAlfonso Soriano
62.5%
AngelsVladimir Guerrero
62.2%
RaysCarl Crawford
62.1%
MetsCarlos Beltran
61.4%
RangersMichael Young
59.9%
Red SoxJohnny Damon
59.1%
YankeesJohnny Damon
59.1%
Blue JaysCarlos Delgado
58.5%
MetsCarlos Delgado
58.5%
RedsKen Griffey Jr.
58.5%
White SoxPaul Konerko
56.4%
NationalsAdam Dunn
56.2%
Red SoxDustin Pedroia
55.4%
IndiansGrady Sizemore
52.8%
DodgersJeff Kent
51.3%
Spot Player % Correct
NationalsRyan Zimmerman
50.8%
Blue JaysVernon Wells
50.1%
IndiansTravis Hafner
49.9%
OriolesBrian Roberts
49.9%
PadresDave Roberts
49.6%
MarlinsJuan Pierre
48.6%
RockiesJuan Pierre
48.6%
AngelsGarret Anderson
48.1%
RaysCarlos Pena
47.4%
AngelsChone Figgins
47.1%
IndiansVictor Martinez
46.6%
OriolesMiguel Tejada
46.3%
White SoxFrank Thomas
45.7%
TigersMagglio Ordonez
45.5%
YankeesMark Teixeira
45.4%
BravesRafael Furcal
44.6%
DodgersRafael Furcal
44.6%
BrewersRickie Weeks
44.5%
AthleticsEric Chavez
43%
RedsBrandon Phillips
42.1%
PiratesJason Bay
40%
CardinalsJim Edmonds
38.1%
MarlinsLuis Castillo
36.6%
MetsLuis Castillo
36.6%
CardinalsDavid Eckstein
36.4%
Blue JaysReed Johnson
36.1%
TigersCurtis Granderson
35.6%
PhilliesShane Victorino
34.3%
PadresBrian Giles
32.6%
PiratesBrian Giles
32.6%
AthleticsJermaine Dye
32.6%
BravesMarcus Giles
32.5%
OriolesNick Markakis
32%
PhilliesBobby Abreu
30.5%
CardinalsPlacido Polanco
30.4%
TigersPlacido Polanco
30.4%
RoyalsMike Sweeney
29.8%
DodgersShawn Green
29.7%
RangersIan Kinsler
28.7%
PiratesJack Wilson
26.9%
Spot Player % Correct
RockiesPreston Wilson
26.9%
D-BacksStephen Drew
25.9%
D-BacksConor Jackson
25.2%
OriolesMelvin Mora
23.9%
RaysAubrey Huff
23.8%
White SoxScott Podsednik
23.4%
MarinersBret Boone
23.4%
MarinersRaul Ibanez
23.1%
TwinsDenard Span
22.9%
MarlinsMike Lowell
22.1%
GiantsPablo Sandoval
22%
RangersRafael Palmeiro
22%
AngelsDarin Erstad
21.4%
RoyalsJose Guillen
21.4%
RedsBarry Larkin
19.6%
RoyalsDavid DeJesus
17.9%
AthleticsMark Ellis
17.6%
GiantsOmar Vizquel
17.6%
IndiansOmar Vizquel
17.6%
NationalsJose Vidro
17.4%
CubsRyan Theriot
16.5%
BrewersJ.J. Hardy
16%
PiratesJason Kendall
15.9%
D-BacksCraig Counsell
15.2%
TwinsCristian Guzman
12.2%
PadresPhil Nevin
11.1%
GiantsRandy Winn
9%
MarinersRandy Winn
9%
DodgersPaul Lo Duca
7.6%
RoyalsMark Grudzielanek
7%
RedsRyan Freel
6.9%
PadresMark Loretta
6.7%
TigersBobby Higginson
6.4%
AthleticsDaric Barton
6%
White SoxTadahito Iguchi
5.9%
RockiesClint Barmes
5.7%
RaysAkinori Iwamura
5.4%
Blue JaysFrank Catalanotto
4.6%
NationalsBrad Wilkerson
4.5%
AstrosJeff Keppinger
3.7%

You're not logged in!

Compare scores with friends on all Sporcle quizzes.
OR
Log In

You Might Also Like...

Show Comments

Extras

Top Quizzes Today


Score Distribution

Your Account Isn't Verified!

In order to create a playlist on Sporcle, you need to verify the email address you used during registration. Go to your Sporcle Settings to finish the process.

Report this User

Report this user for behavior that violates our Community Guidelines.

Details: